Whats Inside Animals Home (Record no. 261641)
[ view plain ]
| 000 -LEADER | |
|---|---|
| fixed length control field | 00246nam a22001097a 4500 |
| 020 ## - INTERNATIONAL STANDARD BOOK NUMBER | |
| ISBN | 0590475940 |
| 100 ## - MAIN ENTRY--AUTHOR NAME | |
| Personal name | Alexander Parsons |
| 245 ## - TITLE STATEMENT | |
| Title | Whats Inside Animals Home |
| 260 ## - PUBLICATION, DISTRIBUTION, ETC. (IMPRINT) | |
| Place of publication | New York |
| Name of publisher | Scholastic |
| Year of publication | 1993 |
| 300 ## - PHYSICAL DESCRIPTION | |
| Number of Pages | 17 pgs |
| 942 ## - ADDED ENTRY ELEMENTS (KOHA) | |
| Koha item type | Long Loan Books |
| Withdrawn status | Lost status | Collection code | Home library | Current library | Shelving location | Date acquired | Accession Number | Koha item type |
|---|---|---|---|---|---|---|---|---|
| Fiction | Rongo University Library | Rongo University Library | Children's Area | 17/11/2023 | CL20222338 | Long Loan Books |
